000 00397nam a2200145Ia 4500
008 241127s9999||||xx |||||||||||||| ||und||
020 _a9789048194032
_c678678
040 _beng
_cSSK Library
_erda
082 _a631.1/ASC
245 0 _aAscorbate-Glutathione Pathway And Stress Tolerance In Plants
260 _b Springer
_c©2010
942 _22ddc
_cBOOK
_nNo
999 _c11149
_d11149
003 OSt
005 20241127152844.0